000 00730nam a2200217 i 4500
001 91266
003 ES-MaACL
005 20250901062533.0
007 t|
008 050128s1959 an ||||1| spa d
100 1 _aLe Trocquer, Rene.
_970935
245 1 0 _aHombre, ¿qué eres? /
_cRene Le Trocquer ; [versión española de Juan Ruiz Calonja].
260 _aAndorra :
_bCasal i Vall,
_c[1959]
300 _a152 p. ;
_c19 cm.
490 1 _aYo sé, yo creo ;
_v31
650 7 _aAntropología teológica
_2embne
_9143894
700 1 _aRuiz Calonja, J.
_9100685
830 0 0 _aYo sé, yo creo: enciclopedia del católico del siglo XX
_v31
_9186579
852 _aES-MaACL
_jC-16311
_bR.44612
999 _c91266
_d91266